Cosmic motors : (Record no. 26245)
[ view plain ]
| 000 -LEADER | |
|---|---|
| fixed length control field | 01550cam a22003497a 4500 |
| 001 - CONTROL NUMBER | |
| control field | 14981133 |
| 005 - DATE AND TIME OF LATEST TRANSACTION | |
| control field | 20170203124901.0 |
| 008 - FIXED-LENGTH DATA ELEMENTS--GENERAL INFORMATION | |
| fixed length control field | 070824s2007 caua 000 0 eng d |
| 010 ## - LIBRARY OF CONGRESS CONTROL NUMBER | |
| LC control number | 2007936105 |
| 020 ## - INTERNATIONAL STANDARD BOOK NUMBER | |
| International Standard Book Number | 9781933492278 (pbk.) |
| 020 ## - INTERNATIONAL STANDARD BOOK NUMBER | |
| International Standard Book Number | 1933492279 (pbk.) |
| 020 ## - INTERNATIONAL STANDARD BOOK NUMBER | |
| International Standard Book Number | 9781933492285 |
| 020 ## - INTERNATIONAL STANDARD BOOK NUMBER | |
| International Standard Book Number | 1933492287 |
| 035 ## - SYSTEM CONTROL NUMBER | |
| System control number | (OCoLC)ocn176956463 |
| 042 ## - AUTHENTICATION CODE | |
| Authentication code | lccopycat |
| 050 00 - LIBRARY OF CONGRESS CALL NUMBER | |
| Classification number | NC825 .A8S56 2007 |
| 082 04 - DEWEY DECIMAL CLASSIFICATION NUMBER | |
| Classification number | 743.89629 |
| Edition number | 22 |
| 100 1# - MAIN ENTRY--PERSONAL NAME | |
| Personal name | Simon, Daniel. |
| 245 10 - TITLE STATEMENT | |
| Title | Cosmic motors : |
| Remainder of title | spaceships, cars and pilots of another galaxy / |
| Statement of responsibility, etc. | Daniel Simon ; foreword by Syd Mead. |
| 250 ## - EDITION STATEMENT | |
| Edition statement | 1st ed. |
| 260 ## - PUBLICATION, DISTRIBUTION, ETC. (IMPRINT) | |
| Place of publication, distribution, etc. | Culver City, CA : |
| Name of publisher, distributor, etc. | Design Studio Press, |
| Date of publication, distribution, etc. | c2007. |
| 300 ## - PHYSICAL DESCRIPTION | |
| Extent | 171 p. : |
| Other physical details | ill. (some col.) ; |
| Dimensions | 31 cm. |
| 505 0# - FORMATTED CONTENTS NOTE | |
| Formatted contents note | The story -- The vehicles of cosmic motors -- Camarudo -- Icetrain -- Sexy magrela -- Taooa -- Djado fleet -- Detonator -- Nembiquarer -- Galaxion -- Gravion -- Vehicle specifications -- Extras -- Behind the scenes -- Author's biography -- Deutsche ubersetzung -- Credits. |
| 650 #0 - SUBJECT ADDED ENTRY--TOPICAL TERM | |
| Topical term or geographic name as entry element | Automobiles in art. |
| 650 #0 - SUBJECT ADDED ENTRY--TOPICAL TERM | |
| Topical term or geographic name as entry element | Fantasy in art. |
| 650 #0 - SUBJECT ADDED ENTRY--TOPICAL TERM | |
| Topical term or geographic name as entry element | Automobiles |
| General subdivision | Design and construction. |
| 650 #0 - SUBJECT ADDED ENTRY--TOPICAL TERM | |
| Topical term or geographic name as entry element | Drawing |
| General subdivision | Technique. |
| 942 ## - ADDED ENTRY ELEMENTS (KOHA) | |
| Source of classification or shelving scheme | |
| Koha item type | Hard Covered Materials |
| Withdrawn status | Lost status | Source of classification or shelving scheme | Damaged status | Not for loan | Home library | Current library | Shelving location | Date acquired | Source of acquisition | Total Checkouts | Full call number | Barcode | Date last seen | Price effective from | Koha item type |
|---|---|---|---|---|---|---|---|---|---|---|---|---|---|---|---|
| MACHAKOS UNIVERSITY LIBRARY | MACHAKOS UNIVERSITY LIBRARY | Technical section | 03/02/2017 | Donation(BFA) | NC825 .A8S56 2007 | 33923 | 11/07/2018 | 03/02/2017 | Hard Covered Materials |